000
00309nam a22001337a 4500
008
180925b xxu||||| |||| 00| 0 eng d
020
_a
044228678
041
_a
eng
080
_a
721
100
_a
41
101
_a
NDE
245
_a
Earth Sheltered Residental Design Manual
_c
Van.N.R
942
_2
udc
_c
BK
999
_c
48458
_d
48458